00353nam a2200133 450000500170000010000220001724500400003926400350007930000180011433600220013233700240015433800240017899900170020220260530115311.01 aRuedi Baur93280110aIntegral Ruedi Baur Signage Design 1bLars Müller Publishersc2010 a416 páginas atexto2rdacontent asin medio2rdamedia avolumen2rdacarrier c13349d13349